000 00692nam a2200289Ia 4500
005 20260324134826.0
008 008 260324s9999 xx 000 0 eng d
020 _a9780203601556
037 _aEBOOK
040 _aCRL
040 _beng
040 _cCRL
041 _2eng
041 _aeng
084 _qCRL
100 _aJoan Lane
_91198306
245 2 _aA Social History of Medicine
245 0 _bHealth, Healing and Disease in England, 1750-1950
260 _bTaylor and Francis
260 _c2001
365 _a
365 _b230
856 _uhttp://www.taylorfrancis.com/books/9780203601556
942 _cEBOOK
999 _c1798754
_d1798754